=LDR 00000nam 2200000 4500 =001 INLIS000000000046250 =005 20200211070236 =035 ##$$a 0010-031500000000022 =008 200211###########################0###### =020 ##$$a 979-731-474-X =082 ##$$a 005.276-Opt-o =245 ##$$a Optimalisasi & troubleshooting =250 ##$$a Cet.1 =260 ##$$a Yogyakarta :$b ANDI,$c 2004 =300 ##$$a xii,300 Hlm ; $c 21 Cm =850 ##$$aNBPNMAT =990 ##$$a 0001/BPAP-NTB/20142015